| 000 | 00816nam a2200205Ia 4500 | ||
|---|---|---|---|
| 003 | 0 | ||
| 005 | 20250131105504.0 | ||
| 008 | 150126s9999 xx 000 0 und d | ||
| 050 |
_aPHS SB 379.M2 _b.J33 2014 |
||
| 100 | _aJang, Ju Yeon. | ||
| 245 | 4 |
_aThe effect of different concentrations of Chitosan coating on the post harvest shelf life of mangoes (Mangnifera indicia l.) / _cJu Yeong Jang. |
|
| 260 |
_aLas PiƱas City, Philippines : _bSouthville International School and Colleges, _c2014. |
||
| 300 |
_a48 pages : _billustration ; _c28 cm. |
||
| 504 | _aIncludes bibliographical references. | ||
| 650 |
_aMango _vPost-harvest technology. |
||
| 650 |
_aFood storage _vShelf life extension. |
||
| 650 |
_aEdible coatings _vFruits and vegetables. |
||
| 650 |
_aChitosan _vFood preservation. |
||
| 942 |
_2lcc _cPASS |
||
| 999 |
_c278682 _d278682 |
||